England Top 20 Goal Scorers - Statistics

General Stats
  • This quiz has been taken 77 times
  • The average score is 8 of 20
Answer Stats
Goals Answer Caps % Correct
78 Harry Kane 112
98%
53 Wayne Rooney 120
92%
30 Alan Shearer 63
81%
40 Michael Owen 89
76%
29 Frank Lampard 106
65%
48 Gary Lineker 80
65%
49 Sir Bobby Charlton 106
63%
22 Peter Crouch 42
48%
24 Sir Geoff Hurst 49
42%
44 Jimmy Greaves 57
37%
21 Kevin Keegan 63
29%
26 Bryan Robson 90
26%
27 David Platt 62
21%
30 Nat Lofthouse 33
16%
30 Sir Tom Finney 77
16%
24 Stan Mortensen 26
10%
28 Steve Bloomer 23
10%
21 Mick Channon 46
8%
22 Tommy Lawton 23
6%
38 Vivian Woodward 29
3%
No matching quizzes found
Score Distribution
Percent of People with Each Score
Percentile by Number Answered
Your Score History
You have not taken this quiz